000 00972cam a2200253 a 4500
001 000019491
005 20200929170032.0
008 980121s1950 ag 001 f spa d
040 _aDO-SdBNP
_bspa
_cLC
_dBNPHU
082 _a863.5
_bC227c, 1950
100 1 _aCánovas del Castillo, Antonio,
_d1828-1897
_941854
245 1 3 _aLa campana de Huesca :
_bcrónica del siglo XII /
_cAntonio Cánovas del Castillo ; prólogo de Serafín Estébanez Calderón (el solitario).
250 _a2a ed.
260 _aBuenos Aires, Argentina :
_bEspasa-Calpe Argentina,
_c1950.
300 _a308, [14] p. ;
_c24 cm.
490 1 _aAustral. Azul: novelas y cuentos en general
_v988
650 4 _aNovela española
_91123
650 4 _aLiteratura española
_ySIGLO XIX
_93067
700 1 _aEstébanez Calderón, Serafín,
_epról.
_941855
830 0 _aAustral.
_pAzul: novelas y cuentos en general;
_v988
_922386
910 _aCatalogación derivada / LC
910 _aWM
049 _aBNGR
999 _c19007
_d19007